| 000 | 00487nam a2200193 4500 | ||
|---|---|---|---|
| 003 | LK-CoMWRAF | ||
| 005 | 20230831140132.0 | ||
| 008 | 230831b1983 |||||||| |||| 00| 0 eng d | ||
| 020 | _a0701129107 | ||
| 040 |
_aLK-CoMWRAF _dLK-CoMWRAF _eLK-CoMWRAF |
||
| 041 | _aeng | ||
| 082 |
_a823 _bPLA |
||
| 100 | _aPlante, David | ||
| 245 | _aThe Francoeur family | ||
| 260 |
_aLondon : _bGollancz, _c1983. |
||
| 300 | _a547p | ||
| 650 | _a Fiction in English American writers | ||
| 942 | _cBK | ||
| 999 |
_c3339 _d3339 |
||